Theory and practice of corporate governance : (Record no. 18634)
[ view plain ]
| 000 -LEADER | |
|---|---|
| fixed length control field | 01824aam a2200265 a 4500 |
| 001 - CONTROL NUMBER | |
| control field | 016176527 |
| 005 - DATE AND TIME OF LATEST TRANSACTION | |
| control field | 20161128144324.0 |
| 008 - FIXED-LENGTH DATA ELEMENTS--GENERAL INFORMATION | |
| fixed length control field | 120802s2013 enk frb f001 0 eng d |
| 020 ## - INTERNATIONAL STANDARD BOOK NUMBER | |
| International Standard Book Number | 9781107612242 |
| 020 ## - INTERNATIONAL STANDARD BOOK NUMBER | |
| International Standard Book Number | 1107612241 |
| 040 ## - CATALOGING SOURCE | |
| Original cataloging agency | StDuBDS |
| Language of cataloging | eng |
| Transcribing agency | StDuBDS |
| Modifying agency | Uk |
| -- | EG-ScBUE |
| -- | EG-ScBUE |
| 082 04 - DEWEY DECIMAL CLASSIFICATION NUMBER | |
| Classification number | 658.42 |
| Edition number | 22 |
| Item number | BLO |
| 100 1# - MAIN ENTRY--PERSONAL NAME | |
| Personal name | Bloomfield, Stephen. |
| 9 (RLIN) | 36563 |
| 245 10 - TITLE STATEMENT | |
| Title | Theory and practice of corporate governance : |
| Remainder of title | an integrated approach / |
| Statement of responsibility, etc | Stephen Bloomfield. |
| 260 ## - PUBLICATION, DISTRIBUTION, ETC. (IMPRINT) | |
| Place of publication, distribution, etc | Cambridge : |
| Name of publisher, distributor, etc | Cambridge University Press, |
| Date of publication, distribution, etc | 2013. |
| 300 ## - PHYSICAL DESCRIPTION | |
| Extent | xviii, 421 p. ; |
| Dimensions | 26 cm. |
| 500 ## - GENERAL NOTE | |
| General note | Index : p. 409-421. |
| 504 ## - BIBLIOGRAPHY, ETC. NOTE | |
| Bibliography, etc | Bibliography : p. 396-408. |
| 505 8# - FORMATTED CONTENTS NOTE | |
| Formatted contents note | Machine generated contents note : Part I. The Discipline of Governance : 1. Definitions and the landscape ; 2. Inward-facing governance ; 3. Outward-facing governance ; Part II. Governance and Law: 4. The protection of the laws ; 5. Critical governance law; Part III. Governance and the Listed Company : 6. The shareholders response-the governance codes ; 7. Contextual issues ; 8. Developments and trends; Part IV. Governance and Regulation : 9. The overlap between governance and regulation ; 10. Micro and macro regulation of companies and markets ; 11. Failure-the abiding characteristic of regulation ; Part V. Governance and Managerial Administration : 12. Performance and reward issues ; 13. Assets ; 14. Company failure; Part VI. Public Sector Governance : 15. The wide picture of public sector governance ; 16. Public sector governance in practice ; Part VII. Counter-Governance : 17. Criminality ; 18. Stakeholder abuse ; 19. Market abuse. |
| 650 #7 - SUBJECT ADDED ENTRY--TOPICAL TERM | |
| Topical term or geographic name as entry element | Corporate governance. |
| 9 (RLIN) | 4335 |
| Source of heading or term | BUEsh |
| 651 ## - SUBJECT ADDED ENTRY--GEOGRAPHIC NAME | |
| Source of heading or term | BUEsh |
| 653 ## - INDEX TERM--UNCONTROLLED | |
| Resource For college | BAEPS, Business Administration |
| Arrived date list | November2014 |
| -- | November2016 |
| 690 7# - LOCAL SUBJECT ADDED ENTRY--TOPICAL TERM (OCLC, RLIN) | |
| Topical term or geographic name as entry element | Management and Business Studies |
| Source of heading or term | blcoll |
| 942 ## - ADDED ENTRY ELEMENTS (KOHA) | |
| Source of classification or shelving scheme | Dewey Decimal Classification |
| Call number prefix | 658.42 BLO |
| Withdrawn status | Item status | Source of classification or shelving scheme | Damaged status | Not for loan | Vendor | Home library | Current library | Shelving location | Date acquired | Source of acquisition | Cost, normal purchase price | Serial Enumeration / chronology | Total Checkouts | Total Renewals | Full call number | Barcode | Date last seen | Date last borrowed | Cost, replacement price | Koha item type |
|---|---|---|---|---|---|---|---|---|---|---|---|---|---|---|---|---|---|---|---|---|
| Dewey Decimal Classification | Baccah | Central Library | Central Library | First floor | 17/11/2014 | 343.00 | 20677 | 6 | 52 | 658.42 BLO | 000037017 | 15/07/2025 | 26/03/2019 | 428.75 | Book - Borrowing | |||||
| Dewey Decimal Classification | Baccah | Central Library | Central Library | First floor | 28/11/2016 | Purchase | 670.00 | 2 | 1 | 658.42 BLO | 000040116 | 15/07/2025 | 06/11/2017 | Book - Borrowing | ||||||
| Dewey Decimal Classification | Baccah | Central Library | Central Library | First floor | 28/11/2016 | Purchase | 670.00 | 3 | 14 | 658.42 BLO | 000040117 | 15/07/2025 | 17/12/2018 | Book - Borrowing |